| 000 | 00473nam a2200157Ia 4500 | ||
|---|---|---|---|
| 005 | 20250612161603.0 | ||
| 008 | 008 250505s9999 xx 000 0 eng d | ||
| 020 | _a9789393850669 | ||
| 040 |
_beng _cILCL |
||
| 041 |
_aeng _2eng |
||
| 100 |
_aPurves, David Laing _9754453 |
||
| 245 | 0 | _aLaw and Lawyers: curious facts and Characteristic sketches | |
| 260 |
_aDelhi _bLaw and Justice Publishing Company _c2023 |
||
| 300 | _a154p. | ||
| 942 |
_cTB _2Colon Classification |
||
| 999 |
_c1311873 _d1311873 |
||